000 00838nam a22003010a 4500
001 UByD001406
003 AR-LpoUNG
005 20260623150000.0
008 230420s2013||||ag |||||||||||||||||spa d
020 _a9789875040304
040 _aAR-LpoUNG
_bspa
_cAR-LpoUNG
_eaacr
041 _aspa
044 _aag
082 0 _a808.068 3 181v4
100 1 _aFalconi, María Inés
245 1 0 _aCaídos del mapa IV :
_bchau séptimo
250 _a12a. ed.
260 _aBuenos Aires :
_bQuipu,
_c2013.
300 _a256 p. :
_bil.
505 0 _aSugerido a partir de 10 años (etiqueta VIOLETA)
650 4 _aLITERATURA
650 4 _aNOVELAS
653 _aLITERATURA INFANTIL
700 1 _aArrieta, Vik
_eil.
905 _a57410
942 _cLIB
_2ddc
999 _c63963
_d63963